| Tag |
First Indicator |
Second Indicator |
Subfields |
| LEADER |
00000cam a2200000 4500 |
| 001 |
in00000246521 |
| 005 |
20151010050623.0 |
| 008 |
700311c19701969nyub 00110 eng |
| 010 |
|
|
|a 74106642
|
| 020 |
|
|
|a 0841900388
|c 7.50
|
| 035 |
|
|
|a (OCoLC)00059927
|
| 035 |
|
|
|9 ABB0891AM
|
| 040 |
|
|
|a DLC
|c DLC
|d TXA
|d UtOrBLW
|
| 049 |
|
|
|a TXAM
|c [642775]
|
| 050 |
0 |
0 |
|a DT963.8
|b .H3 1970
|
| 082 |
0 |
|
|a 320.9/689/4
|
| 100 |
1 |
|
|a Hall, Richard,
|d 1925-1997.
|
| 245 |
1 |
4 |
|a The high price of principles ;
|b Kaunda and the white South /
|c by Richard Hall.
|
| 264 |
|
1 |
|a New York :
|b Africana Pub. Corp.,
|c [1970]
|
| 264 |
|
4 |
|c [©1969]
|
| 300 |
|
|
|a 256 pages :
|b maps (on lining papers) ;
|c 23 cm.
|
| 336 |
|
|
|a text
|b txt
|2 rdacontent
|
| 337 |
|
|
|a unmediated
|b n
|2 rdamedia
|
| 338 |
|
|
|a volume
|b nc
|2 rdacarrier
|
| 650 |
|
0 |
|a Nationalism
|z Africa, Sub-Saharan.
|
| 651 |
|
0 |
|a Zambia
|x Politics and government.
|
| 999 |
|
|
|a MARS
|
| 999 |
f |
f |
|s 34da1bcc-41ae-3d1b-99d9-d802a24dfd6a
|i 61b5cb4c-9ade-3896-8ca3-3029f199ca0d
|t 0
|
| 952 |
f |
f |
|p ric
|a Texas A&M University
|b Rellis Campus
|c Joint Library Facility
|d Remote Storage
|t 0
|e DT963.8 .H3 1970
|h Library of Congress classification
|i unmediated -- volume
|m A14802106710
|
| 998 |
f |
f |
|a DT963.8 .H3 1970
|t 0
|l Remote Storage
|